One minute manager meets the monkey / (Record no. 208839)

MARC details
000 -LEADER
fixed length control field 00767nam a2200241Ia 4500
003 - CONTROL NUMBER IDENTIFIER
control field OSt
005 - DATE AND TIME OF LATEST TRANSACTION
control field 20250531103842.0
008 - FIXED-LENGTH DATA ELEMENTS--GENERAL INFORMATION
fixed length control field 210716s2012 xx 000 0 und d
020 ## - INTERNATIONAL STANDARD BOOK NUMBER
International Standard Book Number 9780007252046
040 ## - CATALOGING SOURCE
Transcribing agency AIMIT LIBRARY
041 ## - LANGUAGE CODE
Language code of text/sound track or separate title eng
082 ## - DEWEY DECIMAL CLASSIFICATION NUMBER
Classification number 658.4095
Edition number 1
Item number BLAK
100 ## - MAIN ENTRY--PERSONAL NAME
Personal name Blanchard, Ken.
9 (RLIN) 211999
245 ## - TITLE STATEMENT
Title One minute manager meets the monkey /
Statement of responsibility, etc. By Ken Blanchard ; William Oncken and Hal Burrows.
250 ## - EDITION STATEMENT
Edition statement 1st ed.
260 ## - PUBLICATION, DISTRIBUTION, ETC.
Place of publication, distribution, etc. India :
Name of publisher, distributor, etc. Harper Collins Publishers India ;
Date of publication, distribution, etc. 2012.
300 ## - PHYSICAL DESCRIPTION
Extent 136p. ;
Other physical details PB
Dimensions 22 cm.
650 ## - SUBJECT ADDED ENTRY--TOPICAL TERM
Topical term or geographic name entry element Leadership and the one minute manager
9 (RLIN) 212000
650 ## - SUBJECT ADDED ENTRY--TOPICAL TERM
Topical term or geographic name entry element Raving fans
9 (RLIN) 212001
700 ## - ADDED ENTRY--PERSONAL NAME
Personal name Oncken, William.
9 (RLIN) 212002
700 ## - ADDED ENTRY--PERSONAL NAME
Personal name Burrows, HAL.
9 (RLIN) 212003
942 ## - ADDED ENTRY ELEMENTS (KOHA)
Source of classification or shelving scheme Dewey Decimal Classification
Koha item type Book
Edition 1st ed.
Call number prefix 658.4095 BLAK
Holdings
Withdrawn status Lost status Source of classification or shelving scheme Damaged status Not for loan Collection code Home library Current library Date acquired Cost, normal purchase price Inventory number Total Checkouts Full call number Barcode Date last seen Cost, replacement price Price effective from Koha item type
    Dewey Decimal Classification     MBA St Aloysius Institute of Management & Information Technology St Aloysius Institute of Management & Information Technology 01/13/2015 175.00 Bill no:340; Bill dt:2014-11-28   658.4095 BLAK MBA11405 05/23/2026 131.25 07/16/2021 Book